El cantar de Heike : la gran epopeya medieval japonesa /

Gespeichert in:
Bibliographische Detailangaben
1. Verfasser: Yoshikawa, Eiji (autor)
Weitere Verfasser: Taira, Jin (ilustración) (ilustración), Sato, Rumi (traducción) (traducción)
Format: Buch
Sprache:Spanisch
Veröffentlicht: Gijón, España : Satori, 2016, c2016
Schlagworte:
Tags: Tag hinzufügen
Keine Tags, Fügen Sie das erste Tag hinzu!

MARC

LEADER 00000nam^a2200000^a^4500
001 000410290
005 20250521000000.0
009 20260310122042.861
020 |a 978-84-945781-5-1 
037 |a Acervo ITESO - Biblioteca 
041 |a ESP 
082 |a 895. 6  |b SAT ILU V. 2 T. 2 
100 |a Yoshikawa, Eiji  |e (autor) 
240 1 4 |a [El cantar de Heike: la gran epopeya medieval japonesa] 
240 1 4 |a [La insurrección de Hõgen] 
240 1 4 |a [La visita imperial a Rokuhara] 
245 1 3 |a El cantar de Heike :  |b la gran epopeya medieval japonesa /  |c E. Yoshikawa ; il. de J. Taira ; tr. por R. Sato. 
264 4 |a Gijón, España :  |b Satori,  |c 2016, c2016 
300 |a 398 p. +  |e 1 separador 
336 |a texto  |b txt  |2 rdacontenido 
337 |a sin mediación  |b n  |2 rdamedio 
338 |a volumen  |b nc  |2 rdasoporte 
500 |a Traducción de: Shin Heike monogatari 
521 |a FIL 2018 DIA 
649 |a XX 
650 |a Novela Japonesa 
650 |a Literatura Japonesa -  |y Siglo XIII 
650 |a Literatura Medieval -  |z Japón 
650 |a Japón -  |x Historia -  |y Epoca Heiano, 794-1185 
650 |a Japón -  |x Historia -  |y Siglo XIII 
650 |a Japón -  |x Historia -  |y Período Feudal, 1185-1868 
700 |a Taira, Jin  |e (ilustración) 
700 |a Sato, Rumi  |e (traducción) 
910 |a Fondo General 
920 |a Impresos - Libros 
930 |a Colección General 
940 |a Literatura 
905 |a 101 
901 |a 0500319082  |b IT1  |c LIT  |i C164417  |u 20250521 
901 |a 0500319197  |b IT2  |c FOL  |u 20250521 
902 |a https://opac.biblio.iteso.mx/vufind/Record/000410290